Statystyki dla Trenerzy Wolfsburga w XXI w.

Kliknij tutaj aby rozwiązać quiz!

Ogólne statystyki

  • Ten quiz został rozwiązany 9 razy
  • Średni wynik to 3 z 18

Statystyki odpowiedzi

kadencjatrener% Poprawnych
2011-2012Felix Magath
67%
2007-2009Felix Magath
67%
2013-2016Dieter Hecking
44%
2018-2019Bruno Labbadia
33%
2019-Oliver Glasner
22%
2009-2010Armin Veh
11%
2017-2018Martin Schmidt
11%
1998-2003Wolfgang Wolf
11%
2017Andries Jonker
0%
2004-2005Eric Gerets
0%
2005Holger Fach
0%
2003-2004Jurgen Rober
0%
2005-2007Klaus Augenthaler
0%
2010Lorenz Gunther Kostner
0%
2012Lorenz Gunther Kostner
0%
2011Pierre Littbarski
0%
2010-2011Steve McClaren
0%
2016-2017Valerien Ismael
0%

Rozkład punktacji

Percentyl według liczby udzielonych odpowiedzi

Procent ludzi z każdym wynikiem

Twoja historia wyników

Nie rozwiązałeś tego quizu